| 000 | 00599nam a2200241Ia 4500 | ||
|---|---|---|---|
| 005 | 20250425162755.0 | ||
| 008 | 250425s9999 xx 000 0 und d | ||
| 020 | _a0883550833 | ||
| 041 | _aeng | ||
| 082 | _a669.732 | ||
| 100 | _aLUTJERING, G. | ||
| 245 | 0 | _aTITANIUM: SCIENCE AND TECHNOLOGY (VOLUME 3) | |
| 250 | _aS.E. | ||
| 260 |
_aAlemania _bDEUTSCHE GESELLSCHAFT FÜR MATALLKUNDE _c1985 |
||
| 260 | _aMUNICH | ||
| 650 | _aCIENCIA Y TECNOLOGIA | ||
| 650 | _aMETALURGIA | ||
| 650 | _aTITANIO | ||
| 700 | _aBUNK, W. | ||
| 700 | _aZWICKER, U. | ||
| 942 | _c01 | ||
| 010 | _a107793 | ||
| 999 |
_c236147 _d236147 |
||